| 000 | 00985nac a22002051u 4500 | ||
|---|---|---|---|
| 008 | 101025s2000 xxu||||| |||| 00| 0 ara d | ||
| 082 |
_a303.49 _bب ي ر |
||
| 100 | 1 |
_aبيري ، أدريان _920600 |
|
| 110 |
_a Al Mogamaa Al Thakafey _920602 |
||
| 245 |
_aالخمسمائة عام القادمة : _bالحياة في الألفية القادمة / _cأدريان بيري ؛ ترجمة عثمان أحمد عبد الرحيم ؛ مراجعة محمد عطا المنان |
||
| 260 |
_aأبوظبي : _bالمجمع الثقافي ،2000 _c2000. |
||
| 300 |
_a325ص ؛ _c24 سم. |
||
| 500 | _aترجمة لكتاب "The Next 500 Years" | ||
| 511 | _aCatalogued by: Sara | ||
| 541 |
_aإهداء ؛ _cمكتبة الإسكندرية ؛ |
||
| 650 |
_aالتوقعات المستقبلية _920601 |
||
| 700 |
_aعبد الرحيم ، عثمان أحمد _920605 _eترجمة |
||
| 700 |
_aالمنان ، محمد عطا _920606 _eمراحعة |
||
| 942 |
_cBB _k303.49 ب ي ر _2ddc |
||
| 999 |
_c6636 _d6636 |
||